| 000 | 00651nam a2200181 a 4500 | ||
|---|---|---|---|
| 001 | 4311 | ||
| 003 | CDMR | ||
| 005 | 20130426095759.0 | ||
| 008 | 130130s19921993sp |||||||||||||||||cat|d | ||
| 020 | _a8472569802 (o.c.) | ||
| 040 |
_aCDMR _bcat _cCDMR |
||
| 245 | 0 | 0 |
_aDiccionari dels catalans d'Amèrica _b: contribució a un inventari topogràfic, toponímic i temàtic _c[director: Albert Manent ; assessors generals: Pere Grases, Pere Molas i Ribalta] |
| 260 |
_aBarcelona _bComissió d'Amèrica i Catalunya 1992 |
||
| 260 |
_c1992-1993 _bGeneralitat de Catalunya |
||
| 300 |
_a4 v. ; _c25 cm |
||
| 700 | 1 |
_92356 _aManent, Albert _edir. |
|
| 942 |
_cMON _2udc |
||
| 999 |
_c4311 _d4311 |
||